00512 2200169 4500245005900000250001000059700001600069700002600085100002000111650002100131005001900152260012000171041001400291084001000305300001800315336000900333 aPerjalanan Bola Ulang Tahun AhmadcMichelle hanahText aCet.1 aSarah Wafiq aAinusshoffa Rahmatiah aE.Aminudin Aziz aCerita Bergambar a20241001111303 aJakarta TimurbKementerian pendidikan,Kebudayaan,Riset,dan Teknologi Badan Pengembangan Dan pembinaan Bahasac2022 aIndonesia a741.5 aHal 14 :cpdf atext